All Cities on a Map by Letter - F - Statistics

General Stats
  • This quiz has been taken 11 times
  • The average score is 81 of 968
Answers on the Map
Answers color-coded by a green-red scale on the quiz's map according to % correct below.
 
Answer Stats
Country City population City % Correct
Italy 360930 Florence
82%
United States 92315 Florence
82%
United States 80720 Florence
82%
United States 32334 Florence
82%
United States 25961 Florence
82%
United States 12798 Florence
82%
United States 9483 Florence
82%
United States 28452 Frankfort
82%
South Africa 26144 Frankfort
82%
United States 20417 Frankfort
82%
United States 15536 Frankfort
82%
Germany 775790 Frankfurt
82%
United States 71555 Fairbanks
73%
Morocco 1112072 Fès
73%
United States 49536 Florin
73%
Brazil 4167996 Fortaleza
73%
United States 345279 Fort Wayne
73%
Sierra Leone 951000 Freetown
73%
United States 9222 Freetown
73%
Pakistan 3203846 Faisalabad
64%
United States 941311 Fort Worth
64%
United States 85575 Franklin
64%
United States 68367 Franklin
64%
United States 35751 Franklin
64%
United States 33067 Franklin
64%
United States 25999 Franklin
64%
United States 16417 Franklin
64%
United States 11670 Franklin
64%
United States 10254 Franklin
64%
United States 8757 Franklin
64%
United States 724547 Fresno
64%
Colombia 29794 Fresno
64%
United States 24087 Fresno
64%
United States 339256 Fort Collins
55%
United States 128384 Fort Smith
55%
United States 44102 Freeport
55%
United States 23636 Freeport
55%
Trinidad and Tobago 11850 Freeport
55%
United States 10639 Freeport
55%
United States 8736 Freeport
55%
Japan 243739 Fuji
55%
Japan 284282 Fukushima
55%
Tuvalu 6320 Funafuti
55%
China 3671192 Fuzhou
55%
China 3614866 Fuzhou
55%
United States 225066 Fargo
45%
Portugal 64560 Faro
45%
Brazil 8728 Faro
45%
United States 77868 Flagstaff
45%
Cuba 71676 Florida
45%
Colombia 58988 Florida
45%
Argentina 48158 Florida
45%
Uruguay 33639 Florida
45%
Chile 8916 Florida
45%
United States 183032 Fort Lauderdale
45%
United States 91730 Fort Myers
45%
Germany 41045 Freiberg
45%
Germany 237244 Freiburg im Breisgau
45%
United States 210238 Frisco
45%
Japan 2286000 Fukuoka
45%
United States 141278 Fullerton
45%
United States 16729 Fullerton
45%
Portugal 105795 Funchal
45%
United States 24478 Fairfax
36%
United States 150794 Fairfield
36%
United States 44597 Fairfield
36%
United States 9846 Fairfield
36%
United States 9438 Fairfield
36%
Thailand 30000 Fang
36%
United States 46339 Farmington
36%
United States 24934 Farmington
36%
United States 23675 Farmington
36%
United States 17999 Farmington
36%
United States 14408 Farmington
36%
United States 11472 Farmington
36%
United States 405556 Fayetteville
36%
United States 326821 Fayetteville
36%
United States 19364 Fayetteville
36%
Argentina 16075 Federal
36%
Germany 92667 Flensburg
36%
Brazil 60025 Floriano
36%
Brazil 342315 Florianópolis
36%
United States 82140 Folsom
36%
China 9042500 Foshan
36%
Botswana 103417 Francistown
36%
United States 228518 Fremont
36%
United States 27321 Fremont
36%
United States 15851 Fremont
36%
Switzerland 38365 Fribourg
36%
Japan 261474 Fukui
36%
Germany 132032 Fürth
36%
Germany 10886 Fürth
36%
United States 17540 Fairview
27%
United States 14920 Fairview
27%
United States 11156 Fairview
27%
United States 10627 Fairview
27%
United States 10570 Fairview
27%
United States 10033 Fairview
27%
United States 9751 Fairview
27%
United Kingdom 35850 Falkirk
27%
Cyprus 40920 Famagusta
27%
United States 99232 Federal Way
27%
Austria 33420 Feldkirch
27%
Bangladesh 265000 Feni
27%
United States 40280 Findlay
27%
United States 291688 Flint
27%
United Kingdom 12953 Flint
27%
Philippines 17944 Flora
27%
Guatemala 44706 Flores
27%
Brazil 20347 Flores
27%
Italy 145348 Foggia
27%
France 22471 Fontaine
27%
United States 211921 Fontana
27%
Argentina 32027 Fontana
27%
Malta 922 Fontana
27%
Italy 116440 Forlì
27%
Argentina 234000 Formosa
27%
Brazil 78651 Formosa
27%
Martinique 253995 Fort-de-France
27%
United States 8715 Fort Knox
27%
Canada 68002 Fort McMurray
27%
United States 29327 Fountain
27%
United States 196743 Frederick
27%
United States 15893 Frederick
27%
United States 166746 Fredericksburg
27%
United States 11254 Fredericksburg
27%
Canada 64614 Fredericton
27%
France 58499 Fréjus
27%
Germany 63441 Friedrichshafen
27%
Spain 190790 Fuenlabrada
27%
Japan 459576 Fukuyama
27%
China 7599913 Fuyang
27%
China 771000 Fuyang
27%
United States 34506 Fairborn
18%
United States 23360 Fairhope
18%
United States 35153 Fair Lawn
18%
United States 18303 Fairmont
18%
United States 10348 Fairmont
18%
United States 9371 Fallon
18%
United States 34548 Falls
18%
United States 14593 Falls Church
18%
China 953300 Fangchenggang
18%
Burkina Faso 20434 Fara
18%
India 1404653 Farīdābād
18%
United States 83316 Farmington Hills
18%
United Kingdom 65034 Farnborough
18%
United Kingdom 14632 Farnborough
18%
Portugal 11040 Feira
18%
Brazil 480949 Feira de Santana
18%
Austria 14198 Feldkirchen
18%
Canada 23209 Fergus
18%
United States 18977 Ferguson
18%
United States 18350 Ferguson
18%
United States 23631 Fernley
18%
Italy 129340 Ferrara
18%
Madagascar 191776 Fianarantsoa
18%
Albania 55845 Fier
18%
Pakistan 11107 Firoza
18%
United States 100918 Fishers
18%
United States 41633 Fitchburg
18%
United States 31566 Fitchburg
18%
Colombia 191867 Florencia
18%
Cuba 21150 Florencia
18%
Costa Rica 15149 Florencia
18%
Colombia 295724 Floridablanca
18%
Philippines 135542 Floridablanca
18%
United States 51915 Florissant
18%
United States 77886 Flower Mound
18%
Romania 66648 Focşani
18%
United States 22330 Foley
18%
United States 44491 Fond du Lac
18%
France 15787 Fontainebleau
18%
United States 24788 Fort Dodge
18%
United States 48094 Fort Pierce
18%
Brazil 16976 Fortuna
18%
Costa Rica 15383 Fortuna
18%
United States 12413 Fortuna
18%
Spain 11183 Fortuna
18%
United States 28227 Fortuna Foothills
18%
United States 23768 Fountain Hills
18%
United States 56358 Fountain Valley
18%
Spain 10198 Foz
18%
Brazil 285415 Foz do Iguaçu
18%
Brazil 287737 Franca
18%
Gabon 110568 Franceville
18%
United States 18233 Franklin Park
18%
United States 15273 Franklin Park
18%
United States 13327 Franklin Park
18%
Norway 63610 Fredrikstad
18%
Germany 49939 Freising
18%
Germany 39477 Freital
18%
Mexico 230865 Fresnillo
18%
United States 40827 Friendswood
18%
Norway 9640 Frøn
18%
Mexico 75242 Frontera
18%
Mexico 23024 Frontera
18%
Argentina 10520 Frontera
18%
Russia 60580 Fryazino
18%
Spain 85859 Fuengirola
18%
China 414090 Fujin
18%
China 1049 Fulin
18%
United States 26986 Fulshear
18%
United States 12611 Fulton
18%
United States 11339 Fulton
18%
China 1316000 Fuqing
18%
China 1861372 Fushun
18%
China 1647280 Fuxin
18%
United States 26183 Fairland
9%
United States 35472 Fair Oaks
9%
United States 32030 Fair Oaks
9%
United States 10392 Fair Oaks
9%
Germany 45005 Falkensee
9%
Cuba 8789 Falla
9%
Germany 11269 Fallersleben
9%
United States 93764 Fall River
9%
United States 32841 Falmouth
9%
United Kingdom 21797 Falmouth
9%
United States 12631 Falmouth
9%
Jamaica 7779 Falmouth
9%
Sweden 37291 Falun
9%
Italy 59785 Fano
9%
Afghanistan 500000 Farāh
9%
Bangladesh 121632 Farīdpur
9%
India 69700 Farīdpur
9%
United States 36254 Farmers Branch
9%
United Kingdom 25604 Farnham
9%
United States 24309 Farragut
9%
India 275754 Farrukhābād
9%
United States 20757 Fate
9%
Chad 48090 Faya
9%
Argentina 16658 Federación
9%
China 894115 Feicheng
9%
Austria 13369 Feldbach
9%
Brazil 13764 Feliz
9%
Germany 46205 Fellbach
9%
Germany 14102 Feucht
9%
Germany 12875 Feuchtwangen
9%
Paraguay 18210 Filadelfia
9%
Colombia 9630 Filadelfia
9%
Brazil 17897 Filadélfia
9%
United States 16665 Fillmore
9%
Italy 81426 Fiumicino
9%
United Kingdom 23485 Fleet
9%
United Kingdom 26226 Fleetwood
9%
Malta 2205 Floriana
9%
United States 12791 Florida City
9%
France 52646 Fontenay-sous-Bois
9%
France 21111 Forbach
9%
Germany 33610 Forchheim
9%
Belgium 56581 Forest
9%
United States 12476 Forest
9%
United States 16247 Forks
9%
United Kingdom 10100 Forres
9%
Finland 16469 Forssa
9%
Australia 13740 Forster
9%
Canada 27088 Fort Saskatchewan
9%
Hungary 20859 Fót
9%
United States 56453 Fountainebleau
9%
United States 18960 Fox Crossing
9%
United States 72013 Framingham
9%
France 15664 Francheville
9%
United States 10313 Francisville
9%
United States 18141 Franconia
9%
United States 13355 Franconia
9%
Germany 18138 Frankenberg
9%
Germany 13862 Frankenberg
9%
Germany 49122 Frankenthal
9%
Germany 58818 Frankfurt (Oder)
9%
Germany 18036 Freilassing
9%
United States 29944 Fridley
9%
Germany 25937 Friedrichsdorf
9%
Italy 43417 Frosinone
9%
Japan 260508 Fuchū
9%
Japan 51096 Fuchū
9%
Japan 67396 Fuefuki
9%
Japan 10720 Fujino
9%
Japan 64539 Fujioka
9%
Japan 16359 Fujioka
9%
Japan 439728 Fujisawa
9%
Japan 20039 Fukagawa
9%
Japan 65770 Fukutsu
9%
Germany 70366 Fulda
9%
United Kingdom 87161 Fulham
9%
Taiwan 9681 Fuli
9%
Nigeria 180475 Funtua
9%
United States 37749 Fuquay-Varina
9%
Austria 8549 Fürstenfeld
9%
Germany 38187 Fürstenfeldbruck
9%
Germany 32763 Fürstenwalde
9%
Germany 8998 Furth im Wald
9%
Japan 34268 Fusō
9%
Japan 42280 Futtsu
9%
Norway 13381 Fåberg
0%
Italy 28918 Fabriano
0%
Colombia 145080 Facatativá
0%
France 18310 Fâches-Thumesnil
0%
Chad 23786 Fada
0%
Burkina Faso 73200 Fada Ngourma
0%
Italy 58710 Faenza
0%
San Marino 1177 Faetano
0%
Portugal 50633 Fafe
0%
Romania 26284 Făgăraş
0%
Sweden 11130 Fagersta
0%
Italy 12447 Fagnano Olona
0%
Brazil 11049 Fagundes
0%
Afghanistan 64704 Faīẕābād
0%
United Kingdom 20680 Failsworth
0%
United States 16609 Fairburn
0%
United States 12298 Fairfax Station
0%
United States 9149 Fairfield Glade
0%
United States 15878 Fairhaven
0%
United States 8617 Fair Lakes
0%
United States 8985 Fairless Hills
0%
United States 10521 Fairmount
0%
United States 9998 Fairmount
0%
United States 10630 Fair Oaks Ranch
0%
United States 16255 Fairview Heights
0%
United States 17049 Fairview Park
0%
United States 11064 Fairview Shores
0%
United States 18437 Fairwood
0%
Puerto Rico 69381 Fajardo
0%
Indonesia 18900 Fakfak
0%
India 10361 Fakirtaki
0%
Mali 14301 Fakola
0%
Portugal 14530 Falagueira
0%
India 55039 Fālākāta
0%
Burma 9529 Falam
0%
Colombia 9204 Falan
0%
Iran 37704 Falāvarjān
0%
Italy 25530 Falconara Marittima
0%
Mali 17455 Faléa
0%
Moldova 12074 Făleşti
0%
India 11385 Falimāri
0%
Sweden 17939 Falköping
0%
Switzerland 8575 Fällanden
0%
United States 32467 Fallbrook
0%
United States 14346 Fallsburg
0%
United States 9954 Fallston
0%
Mali 30239 Falou
0%
Romania 23902 Fălticeni
0%
Argentina 22924 Famaillá
0%
Portugal 133832 Famalicão
0%
France 14759 Fameck
0%
Iran 14019 Fāmenīn
0%
Faroe Islands 83 Fámjin
0%
Philippines 16791 Famy
0%
Madagascar 12000 Fanambana
0%
Madagascar 17644 Fanandrana
0%
China 76088 Fancheng
0%
Madagascar 9742 Fandrandava
0%
Madagascar 29232 Fandriana
0%
Mali 20317 Fangasso
0%
Taiwan 22717 Fangliao
0%
China 12298 Fangshan
0%
China 406775 Fangting
0%
Taiwan 31572 Fangyuan
0%
Belarus 18252 Fanipal’
0%
Oman 10396 Fanjā’
0%
Madagascar 10000 Fanjakana
0%
Taiwan 11029 Fanlu
0%
Iran 13070 Fannūj
0%
Dominican Republic 22117 Fantino
0%
China 97300 Fanyang
0%
Portugal 23108 Fânzeres
0%
China 10165 Fanzhao
0%
Thailand 10978 Fao Rai
0%
Egypt 116945 Fāqūs
0%
Bangladesh 10381 Faradābād
0%
Iran 13317 Farādonbeh
0%
Madagascar 34676 Farafangana
0%
Gambia, The 36000 Farafenni
0%
Madagascar 23000 Farahalana
0%
Italy 13835 Fara in Sabina
0%
South Sudan 49000 Farajok
0%
India 20126 Farakka
0%
Mali 9769 Farako
0%
Guinea 78108 Faranah
0%
Turkmenistan 14503 Farap
0%
Iran 20320 Farāshband
0%
Egypt 36850 Fāraskūr
0%
Madagascar 46569 Faratsiho
0%
Belgium 11247 Farciennes
0%
Iran 181174 Fardīs
0%
United Kingdom 42640 Fareham
0%
Uzbekistan 299200 Farg‘ona
0%
Brazil 18217 Farias Brito
0%
United States 24458 Faribault
0%
India 87695 Farīdkot
0%
Guinea-Bissau 46268 Farim
0%
Iran 39515 Farīmān
0%
Morocco 10994 Farkhâna
0%
Tajikistan 25300 Farkhor
0%
United States 10336 Farmersville
0%
United States 16605 Farmingville
0%
United Kingdom 24213 Farnley
0%
United Kingdom 26939 Farnworth
0%
Tajikistan 8650 Farob
0%
Iran 31739 Farrokh Shahr
0%
Brazil 55308 Farroupilha
0%
India 45675 Farrukhnagar
0%
Greece 9520 Fársala
0%
Iran 30504 Fārsān
0%
Egypt 207547 Farshūţ
0%
United Kingdom 22594 Farsley
0%
Norway 9924 Farsund
0%
Brazil 16070 Fartura
0%
Pakistan 60000 Faruka
0%
Denmark 20317 Farum
0%
Iran 110825 Fasā
0%
Italy 38745 Fasano
0%
Madagascar 10377 Fasintsara
0%
Ukraine 44014 Fastiv
0%
Mali 9239 Fatao
0%
India 9985 Fateha
0%
India 70777 Fatehābād
0%
India 11645 Fatehābād
0%
India 9992 Fatehābād
0%
India 10000 Fatehgarh
0%
India 21007 Fatehgarh Chūriān
0%
India 9154 Fateh Nangal
0%
India 305638 Fatehpur
0%
India 193193 Fatehpur
0%
India 15787 Fatehpur
0%
India 13279 Fatehpur
0%
India 13041 Fatehpur
0%
India 13017 Fatehpur
0%
India 10431 Fatehpur
0%
India 10423 Fatehpur
0%
India 9069 Fatehpur Bāla
0%
India 11480 Fatehpur Shāhbāz
0%
India 32905 Fatehpur Sīkri
0%
Senegal 18416 Fatick
0%
Bangladesh 10000 Fatikchari
0%
Brazil 18481 Fátima
0%
Portugal 13212 Fátima
0%
Mali 25161 Fatimé
0%
India 16084 Fatipura
0%
Mali 24595 Fatoma
0%
Turkey 126775 Fatsa
0%
India 51047 Fatwa
0%
Norway 9572 Fauske
0%
Italy 31593 Favara
0%
United Kingdom 20434 Faversham
0%
United Kingdom 14013 Fawley
0%
Brazil 16389 Faxinal
0%
Brazil 11192 Faxinal dos Guedes
0%
Afghanistan 15000 Fayrōz Kōh
0%
Tajikistan 10400 Fayzobod
0%
United Kingdom 16786 Fazakerley
0%
Brazil 9226 Fazendinha
0%
India 76492 Fāzilka
0%
Mauritania 11623 Fdérik
0%
United Kingdom 18090 Featherstone
0%
France 17961 Fécamp
0%
United States 14160 Federal Heights
0%
Ukraine 69145 Fedosiia
0%
Germany 13247 Fehmarnsund
0%
Germany 9049 Fehrbellin
0%
Algeria 26857 Feidh el Botma
0%
Brazil 35426 Feijó
0%
New Zealand 17800 Feilding
0%
Brazil 22712 Feira Grande
0%
Brazil 21427 Feira Nova
0%
Turkey 15833 Feke
0%
Spain 18850 Felanitx
0%
Germany 11138 Feldkirchen-Westerham
0%
Portugal 58065 Felgueiras
0%
United States 10695 Felida
0%
Maldives 506 Felidhoo
0%
Italy 9150 Felino
0%
Mexico 25744 Felipe Carrillo Puerto
0%
Brazil 13978 Felixlândia
0%
United Kingdom 24441 Felixstowe
0%
United Kingdom 8908 Felling
0%
United Kingdom 12168 Felpham
0%
Germany 10658 Felsberg
0%
United Kingdom 63368 Feltham
0%
United Kingdom 10607 Felton
0%
Italy 20369 Feltre
0%
Spain 12530 Fene
0%
China 63400 Fengang
0%
China 469376 Fengcheng
0%
China 128571 Fengcheng
0%
China 12922 Fengdeng
0%
China 93148 Fenggang
0%
China 10250 Fenggeling
0%
China 37337 Fengguangcun
0%
China 21000 Fengjia
0%
Taiwan 10552 Fenglin
0%
China 173161 Fenglu
0%
China 99673 Fengning
0%
China 30324 Fengrenxu
0%
China 25236 Fengruncun
0%
China 150138 Fengyicun
0%
Madagascar 25675 Fenoarivo
0%
Madagascar 16000 Fenoarivo
0%
Madagascar 16000 Fenoarivo
0%
Madagascar 41734 Fenoarivo Atsinanana
0%
Madagascar 28616 Fenoarivobe
0%
Algeria 9962 Fenoughil
0%
United Kingdom 12070 Fenton
0%
United States 11950 Fenton
0%
China 407647 Fenyang
0%
Taiwan 22417 Fenyuan
0%
Iran 28695 Ferdows
0%
Italy 20048 Ferentino
0%
Iran 38154 Fereydūn Kenār
0%
Iran 13475 Fereydūnshahr
0%
United States 14138 Fergus Falls
0%
Tunisia 75000 Feriana
0%
Kosovo 108610 Ferizaj
0%
Turkey 30741 Ferizli
0%
Côte d’Ivoire 160267 Ferkessédougou
0%
Italy 35789 Fermo
0%
United States 13239 Fernandina Beach
0%
Paraguay 183390 Fernando de la Mora
0%
Brazil 71186 Fernandópolis
0%
Spain 9638 Fernán-Núñez
0%
United States 19156 Ferndale
0%
United States 17076 Ferndale
0%
United States 15447 Ferndale
0%
United Kingdom 17650 Fern Down
0%
France 11530 Ferney-Voltaire
0%
United States 8593 Fern Park
0%
India 110313 Ferozepore
0%
Brazil 184700 Ferraz de Vasconcelos
0%
Portugal 8619 Ferreira do Zêzere
0%
Brazil 15026 Ferreiros
0%
Peru 31777 Ferreñafe
0%
Haiti 14642 Ferrier
0%
Spain 64218 Ferrol
0%
Brazil 9590 Ferros
0%
United Kingdom 8942 Ferryhill
0%
United States 30467 Ferry Pass
0%
Brazil 10445 Fervedouro
0%
United States 12965 Festus
0%
Romania 27465 Feteşti
0%
Turkey 177702 Fethiye
0%
Madagascar 16894 Fetromby
0%
Iran 18120 Feyẕābād
0%
France 9727 Feyzin
0%
Malta 11670 Fgura
0%
Madagascar 21000 Fiadanana
0%
Madagascar 16000 Fiadanana
0%
Madagascar 14784 Fiadanana
0%
Madagascar 14000 Fiadanana
0%
Chad 14166 Fianga
0%
Italy 16237 Fiano Romano
0%
Italy 12991 Ficarazzi
0%
Ethiopia 27493 Fichē
0%
Italy 26945 Fidenza
0%
Madagascar 25000 Fidirana
0%
Madagascar 21224 Fierenana
0%
Madagascar 9000 Fierenana
0%
Italy 13659 Fiesole
0%
United States 10902 Fife
0%
France 9757 Figeac
0%
Italy 17136 Figline Valdarno
0%
Portugal 62125 Figueira da Foz
0%
Spain 48875 Figueras
0%
Morocco 10449 Figuig
0%
Cameroon 29399 Figuil
0%
Madagascar 18846 Fihaonana
0%
Slovakia 9949 Fiľakovo
0%
Colombia 12066 Filandia
0%
Germany 46295 Filderstadt
0%
Romania 15031 Filiaşi
0%
Greece 10133 Fílippoi
0%
Sweden 10644 Filipstad
0%
Mexico 18367 Filomeno Mata
0%
Italy 8917 Filottrano
0%
Italy 14951 Finale Emilia
0%
Italy 11146 Finale Ligure
0%
Ethiopia 11134 Fīnch’a’ā
0%
United Kingdom 12750 Finchampstead
0%
United Kingdom 65812 Finchley
0%
Turkey 10886 Fındıklı
0%
Spain 9352 Finestrat
0%
Ireland 330506 Finglas
0%
Turkey 49720 Finike
0%
Germany 16872 Finnentrop
0%
United States 12079 Finneytown
0%
Mali 22429 Finnkolo
0%
Norway 4658 Finnsnes
0%
Italy 9940 Fino Mornasco
0%
Ethiopia 25913 Finote Selam
0%
Sweden 12440 Finspång
0%
Germany 15864 Finsterwalde
0%
Italy 16850 Fiorano Modenese
0%
San Marino 2548 Fiorentino
0%
Italy 14874 Fiorenzuola d’Arda
0%
Madagascar 35000 Firavahana
0%
United States 17353 Firestone
0%
Argentina 25757 Firmat
0%
Brazil 10419 Firminópolis
0%
France 17128 Firminy
0%
Benin 10331 Firou
0%
Tajikistan 23813 Firuzoba
0%
Italy 14053 Fisciano
0%
United States 9546 Fishersville
0%
United States 25945 Fish Hawk
0%
United States 22986 Fishkill
0%
Liberia 3328 Fish Town
0%
Madagascar 9546 Fitampito
0%
United States 8962 Fitzgerald
0%
Italy 10082 Fiuggi
0%
Italy 9073 Fiumefreddo di Sicilia
0%
Italy 11779 Fiume Veneto
0%
United States 21444 Five Corners
0%
United States 19093 Five Forks
0%
Romania 10561 Flămânzi
0%
United States 8949 Flanders
0%
Colombia 29478 Flandes
0%
United States 10418 Flat Rock
0%
Switzerland 10520 Flawil
0%
Belgium 26174 Flémalle-Haute
0%
United States 29351 Fleming Island
0%
Australia 9108 Flemington
0%
Italy 8698 Flero
0%
Belgium 16495 Fléron
0%
France 14308 Flers
0%
France 10561 Flers-lez-Lille
0%
Belgium 22594 Fleurus
0%
France 21664 Fleury-les-Aubrais
0%
France 13816 Fleury-Mérogis
0%
Brazil 9618 Flexeiras
0%
Germany 8745 Flieden
0%
United Kingdom 13661 Flitwick
0%
United Kingdom 10786 Flixton
0%
Germany 10426 Flöha
0%
France 17939 Floirac
0%
United States 16025 Floral Park
0%
France 11891 Florange
0%
Brazil 10196 Florânia
0%
United States 61723 Florence-Graham
0%
Argentina 146704 Florencio Varela
0%
Belgium 11410 Florennes
0%
Guatemala 24888 Flores Costa Cuca
0%
Brazil 30892 Flores da Cunha
0%
Brazil 13744 Flores de Goiás
0%
Brazil 24729 Floresta
0%
Brazil 10458 Floresta
0%
Brazil 10525 Floresta Azul
0%
Romania 50307 Floreşti
0%
Moldova 11998 Floreşti
0%
Brazil 11446 Florestópolis
0%
United States 13134 Florham Park
0%
United States 21517 Florida Ridge
0%
Italy 21182 Floridia
0%
Greece 17686 Flórina
0%
Norway 8925 Florø
0%
Germany 21751 Flörsheim
0%
Germany 8902 Florstadt
0%
United States 9666 Flossmoor
0%
United States 13743 Flower Hill
0%
United States 10286 Flowery Branch
0%
United States 16989 Flowing Wells
0%
United States 10384 Flowood
0%
Christmas Island 1599 Flying Fish Cove
0%
Morocco 77250 Fnidq
0%
Maldives 7888 Foammulah
0%
Benin 10677 Fô-Bouré
0%
Bosnia and Herzegovina 12334 Foča
0%
Turkey 34946 Foça
0%
South Africa 9497 Fochville
0%
Italy 9019 Foiano della Chiana
0%
France 9731 Foix
0%
Bosnia and Herzegovina 12356 Fojnica
0%
Russia 19427 Fokino
0%
Russia 12538 Fokino
0%
United Kingdom 22478 Foleshill
0%
Italy 8734 Folignano
0%
Italy 55226 Foligno
0%
United Kingdom 47356 Folkestone
0%
Italy 20399 Follonica
0%
Mali 10478 Folomana
0%
Comoros 18277 Fomboni
0%
Cuba 31131 Fomento
0%
Colombia 12214 Fómeque
0%
Maldives 2000 Fonadhoo
0%
Haiti 19010 Fond des Blancs
0%
France 10917 Fondettes
0%
Italy 39550 Fondi
0%
Haiti 40224 Fonds Verrettes
0%
Colombia 39662 Fonseca
0%
France 13048 Fonsorbes
0%
France 9032 Fontaine-lès-Dijon
0%
Belgium 17801 Fontaine-l’Évêque
0%
Italy 12818 Fontanafredda
0%
Brazil 25871 Fonte Boa
0%
France 24586 Fontenay-aux-Roses
0%
France 13806 Fontenay-le-Comte
0%
France 13640 Fontenay-le-Fleury
0%
Colombia 317179 Fontibón
0%
Brazil 9550 Fontoura Xavier
0%
United States 37332 Foothill Farms
0%
Peru 33000 Forbe Oroya
0%
Australia 6837 Forbes
0%
India 50475 Forbesganj
0%
Norway 10339 Førde
0%
United States 13052 Fords
0%
Guinea 12358 Forécariah
0%
United States 10491 Forest Acres
0%
United States 14871 Forest City
0%
United States 9149 Forestdale
0%
United States 26406 Forest Grove
0%
United States 13923 Forest Hill
0%
United States 28494 Forest Hills
0%
United States 20678 Forest Lake
0%
United States 19994 Forest Park
0%
United States 19619 Forest Park
0%
United States 14000 Forest Park
0%
United States 11213 Forestville
0%
United States 10839 Forestville
0%
United Kingdom 14230 Forfar
0%
Italy 17437 Forio
0%
Italy 13047 Forlimpopoli
0%
United Kingdom 22119 Formby
0%
Italy 13614 Formello
0%
Italy 37136 Formia
0%
Brazil 67822 Formiga
0%
Italy 34467 Formigine
0%
Brazil 25899 Formosa do Rio Preto
0%
Brazil 18881 Formoso do Araguaia
0%
Algeria 17647 Fornaka
0%
United States 28222 Forney
0%
Brazil 24173 Forquilha
0%
Brazil 31431 Forquilhinha
0%
United States 12826 Forrest City
0%
Germany 17721 Forst (Lausitz)
0%
Brazil 12640 Fortaleza dos Nogueiras
0%
United States 12490 Fort Atkinson
0%
South Africa 25668 Fort Beaufort
0%
United States 12009 Fort Bliss
0%
Philippines 11912 Fort Bonifacio
0%
United States 11483 Fort Campbell North
0%
United States 18447 Fort Carson
0%
United States 16124 Fort Drum
0%
Canada 32901 Fort Erie
0%
United States 25786 Fort Hood
0%
United States 16519 Fort Hunt
0%
Brazil 17294 Fortim
0%
Mexico 21370 Fortín de las Flores
0%
United States 8791 Fort Irwin
0%
United States 39818 Fort Lee
0%
United States 15317 Fort Leonard Wood
0%
United States 13983 Fort Lewis
0%
Haiti 34434 Fort Liberté
0%
United States 10221 Fort Madison
0%
United States 10477 Fort Meade
0%
United States 28281 Fort Mill
0%
United States 8676 Fort Mitchell
0%
United States 15716 Fort Mohave
0%
United States 11521 Fort Morgan
0%
United States 10332 Fort Oglethorpe
0%
United States 14886 Fort Payne
0%
Uganda 60800 Fort Portal
0%
United States 8595 Fort Riley
0%
United States 10203 Fort Salonga
0%
Kazakhstan 5559 Fort-Shevchenko
0%
United States 9976 Fort Stewart
0%
Canada 21465 Fort St. John
0%
United States 17242 Fort Thomas
0%
Colombia 26798 Fortul
0%
United States 8808 Fort Valley
0%
United States 20956 Fort Walton Beach
0%
United States 25843 Fort Washington
0%
Guyana 118 Fort Wellington
0%
United Kingdom 10175 Fort William
0%
Italy 24190 Fossano
0%
France 10249 Fosses
0%
Italy 9042 Fossombrone
0%
France 15694 Fos-sur-Mer
0%
United States 32964 Foster City
0%
United States 12671 Fostoria
0%
Madagascar 35000 Fotadrevo
0%
Madagascar 11000 Fotsialanana
0%
Tunisia 74868 Fouchana
0%
France 10204 Fouesnant
0%
France 20602 Fougères
0%
Algeria 25645 Foughala
0%
Algeria 48959 Fouka
0%
Cameroon 83522 Foumban
0%
Cameroon 57367 Foumbot
0%
Morocco 24232 Foum el Anser
0%
Morocco 9373 Foum Jam’a
0%
Morocco 8660 Foum Zguid
0%
Benin 30527 Founougo
0%
United States 11307 Fountain Inn
0%
United States 16168 Four Corners
0%
United States 11490 Four Corners
0%
South Africa 19425 Fouriesburg
0%
France 11528 Fourmies
0%
Mali 40826 Fourou
0%
United States 21788 Four Square Mile
0%
United States 18516 Foxborough
0%
United States 10872 Fox Lake
0%
Liberia 20569 Foya Tangia
0%
Spain 15390 Fraga
0%
Brazil 33481 Fraiburgo
0%
Guatemala 63721 Fraijanes
0%
Belgium 21878 Frameries
0%
Italy 25622 Francavilla al Mare
0%
Italy 34968 Francavilla Fontana
0%
Brazil 96666 Francisco Beltrão
0%
Paraguay 8884 Francisco Caballero Álvarez
0%
Mexico 50084 Francisco I. Madero
0%
Brazil 168243 Francisco Morato
0%
Brazil 23476 Francisco Sá
0%
Brazil 145755 Franco da Rocha
0%
Italy 11746 Francofonte
0%
France 38024 Franconville
0%
Netherlands 12781 Franeker
0%
United States 9777 Frankfort Square
0%
United States 18509 Franklin Farm
0%
United States 11011 Franklin Lakes
0%
United States 30559 Franklin Square
0%
Australia 36097 Frankston
0%
Italy 22794 Frascati
0%
United States 14604 Fraser
0%
United Kingdom 13180 Fraserburgh
0%
India 17405 Fraserpet
0%
Italy 28492 Frattamaggiore
0%
Italy 15354 Frattaminore
0%
Switzerland 22313 Frauenfeld
0%
Guatemala 77896 Fray Bartolomé de Las Casas
0%
Uruguay 24406 Fray Bentos
0%
Argentina 15176 Fray Luis A. Beltrán
0%
Brazil 11832 Frecheirinha
0%
Germany 53128 Frechen
0%
Denmark 8960 Fredensborg
0%
Denmark 41243 Fredericia
0%
United States 24219 Frederickson
0%
Brazil 32627 Frederico Westphalen
0%
Denmark 22961 Frederikshavn
0%
Denmark 17135 Frederikssund
0%
Denmark 12815 Frederiksværk
0%
Colombia 20997 Fredonia
0%
United States 9601 Fredonia
0%
United States 35517 Freehold
0%
Bahamas, The 45945 Freeport City
0%
Algeria 24228 Freha
0%
Germany 16227 Freiberg am Neckar
0%
Switzerland 16391 Freienbach
0%
Brazil 13636 Frei Miguelinho
0%
Brazil 15556 Frei Paulo
0%
Chile 22390 Freire
0%
United Kingdom 12784 Fremington
0%
United States 42550 French Valley
0%
Algeria 54162 Frenda
0%
Czechia 10676 Frenštát pod Radhoštěm
0%
France 29298 Fresnes
0%
Germany 17738 Freudenberg
0%
Germany 24337 Freudenstadt
0%
Germany 9345 Freystadt
0%
Guinea 23729 Fria
0%
Argentina 26649 Frías
0%
Germany 9303 Frickenhausen
0%
Germany 31131 Friedberg
0%
Germany 30670 Friedberg
0%
Germany 10366 Friedeburg
0%
Germany 14544 Friedland
0%
Germany 9887 Friedrichsthal
0%
United States 11673 Friendly
0%
United Kingdom 17250 Friern Barnet
0%
Germany 14023 Friesenheim
0%
Germany 23234 Friesoythe
0%
United Kingdom 19094 Frimley
0%
Morocco 29594 Fritissa
0%
Germany 15101 Fritzlar
0%
United Kingdom 9339 Frodsham
0%
Norway 16106 Frogn
0%
Algeria 11969 Froha
0%
Germany 12186 Frohburg
0%
Russia 35661 Frolovo
0%
United Kingdom 28567 Frome
0%
Germany 20450 Fröndenberg
0%
Brazil 10259 Fronteiras
0%
France 23788 Frontignan
0%
Colombia 20156 Frontino
0%
United States 15152 Front Royal
0%
France 9808 Frouzins
0%
Norway 20353 Frøyland
0%
United States 13578 Fruita
0%
United States 35609 Fruit Cove
0%
United States 15828 Fruitville
0%
Kyrgyzstan 14049 Frunze
0%
Brazil 58588 Frutal
0%
Chile 12876 Frutillar
0%
Chile 19400 Frutillar Alto
0%
Czechia 53938 Frýdek-Místek
0%
Czechia 9923 Frýdlant nad Ostravicí
0%
China 577000 Fu’an
0%
Italy 22630 Fucecchio
0%
China 32463 Fucheng
0%
Japan 36326 Fuchūchō
0%
China 542000 Fuding
0%
Spain 12004 Fuensalida
0%
Spain 18719 Fuente-Álamo de Murcia
0%
Colombia 11599 Fuente de Oro
0%
Spain 9907 Fuente Palmera
0%
Paraguay 4498 Fuerte Olimpo
0%
China 102012 Fugangcun
0%
Faroe Islands 1600 Fuglafjørður
0%
China 124002 Fugu
0%
Japan 63338 Fujiidera
0%
Japan 14004 Fujikawa
0%
Japan 25495 Fujikawaguchiko
0%
Japan 111858 Fujimi
0%
Japan 13844 Fujimi
0%
Japan 113490 Fujimino
0%
Japan 14478 Fujisaki
0%
Japan 9112 Fujisawachō-niinuma
0%
Japan 145032 Fujita
0%
Japan 46659 Fujiyoshida
0%
China 165006 Fukang
0%
Japan 140930 Fukayachō
0%
Japan 77150 Fukuchiyama
0%
Japan 19512 Fukude
0%
Japan 86851 Fukuroi
0%
Japan 19143 Fukusaki
0%
Japan 21360 Fukuyoshi
0%
Guinea-Bissau 1311 Fulacunda
0%
Iran 88426 Fūlād Shahr
0%
Germany 9039 Fuldabrück
0%
Germany 13016 Fuldatal
0%
Bangladesh 119558 Fulgāzi
0%
United States 10697 Fuller Heights
0%
Switzerland 8759 Fully
0%
United States 9753 Fultondale
0%
United Kingdom 18233 Fulwood
0%
Iran 27763 Fūman
0%
Maldives 2104 Funadhoo
0%
Japan 53714 Funato
0%
Colombia 90514 Fundación
0%
Portugal 29213 Fundão
0%
Brazil 18014 Fundão
0%
Romania 9850 Fundeni
0%
Argentina 38274 Funes
0%
Congo (Kinshasa) 34104 Fungurume
0%
China 76460 Funing
0%
Ethiopia 15478 Funyan Bīra
0%
Colombia 90671 Funza
0%
China 283904 Fuquan
0%
Japan 21071 Furano
0%
Russia 29715 Furmanov
0%
Germany 9833 Fürstenau
0%
Germany 8590 Fürstenzell
0%
Germany 9030 Furtwangen im Schwarzwald
0%
Japan 22585 Furukawa
0%
Japan 13942 Furukawamen
0%
Colombia 170241 Fusagasugá
0%
Kosovo 39948 Fushë Kosovë
0%
Albania 18477 Fushë-Krujë
0%
Japan 56786 Fussa
0%
Germany 16072 Füssen
0%
China 85512 Fusui
0%
Japan 9095 Futami
0%
Serbia 18641 Futog
0%
Chile 13736 Futrono
0%
France 10235 Fuveau
0%
Taiwan 45388 Fuxing
0%
China 16717 Fuying
0%
China 16717 Fuyingzicun
0%
China 126694 Fuyuan
0%
Azerbaijan 3132 Füzuli
0%
Trinidad and Tobago 13099 Fyzabad
0%
India 165228 Fyzābād
0%
No matching quizzes found
Score Distribution
Percent of People with Each Score
Percentile by Number Answered
Your Score History
You have not taken this quiz